The eights (Record no. 4886)

MARC details
000 -CABECERA
campo de control de longitud fija 02479nam a22002657i 4500
001 - NÚMERO DE CONTROL
campo de control 99118430154504341
005 - FECHA Y HORA DE LA ÚLTIMA TRANSACCIÓN
campo de control 20250828073243.0
008 - DATOS DE LONGITUD FIJA--INFORMACIÓN GENERAL
campo de control de longitud fija 250424s2025 enk b 000 f eng d
020 ## - NÚMERO INTERNACIONAL ESTÁNDAR DEL LIBRO
Número Internacional Estándar del Libro 9780241662434
Información calificativa hardback
020 ## - NÚMERO INTERNACIONAL ESTÁNDAR DEL LIBRO
Número Internacional Estándar del Libro 9780241737668
Información calificativa trade paperback
040 ## - FUENTE DE LA CATALOGACIÓN
Centro catalogador/agencia de origen StEdNL
Lengua de catalogación eng
Normas de descripción rda
Centro/agencia transcriptor StEdNL
041 ## - CÓDIGO DE LENGUA
Código de lengua del texto/banda sonora o título independiente English
100 ## - ENTRADA PRINCIPAL--NOMBRE DE PERSONA
Nombre de persona Miller, Joanna,
Fechas asociadas al nombre 1969-
Término indicativo de función/relación author.
245 14 - MENCIÓN DE TÍTULO
Título The eights
Mención de responsabilidad, etc. / Joanna Miller.
264 #1 - PRODUCCIÓN, PUBLICACIÓN, DISTRIBUCIÓN, FABRICACIÓN Y COPYRIGHT
Producción, publicación, distribución, fabricación y copyright [London] :
Nombre del de productor, editor, distribuidor, fabricante Fig Tree,
Fecha de producción, publicación, distribución, fabricación o copyright 2025.
504 ## - NOTA DE BIBLIOGRAFÍA, ETC.
Nota de bibliografía, etc. Includes bibliographical references.
520 ## - SUMARIO, ETC.
Sumario, etc. They knew they were changing history.<br/>They didn't know they would change each other.<br/><br/>Following the unlikely friendship of four of the first ever women to matriculate at Oxford University in the aftermath of the First World War, a captivating debut novel about sisterhood, self-determination and the many forms courage can take.<br/><br/>Oxford, 1920. For the first time in its 1000-year history, the world's most famous university has admitted female students. Giddy with dreams of equality, education and emancipation, four young women move into neighbouring rooms. Beatrice, Dora, Marianne and Otto (collectively known as The Eights) have come here from all walks of life, and they are thrown into an unlikely, life-affirming friendship.<br/><br/>Dora was never meant to go to university, but, after losing both her brother and her fiancé on the battlefield, has arrived in their place. Politically-minded Beatrice, daughter of a famous suffragette, sees Oxford as a chance to make her own way - and some friends her own age. Otto was a nurse during the war but is excited to return to her socialite lifestyle in Oxford - where she hopes to find distraction from the memories that haunt her. And finally Marianne, the quiet, clever daughter of a village pastor, who has a shocking secret she must hide from everyone, even her new friends, if she is to succeed.<br/><br/>But Oxford's dreaming spires cast a dark shadow: in 1920, misogyny is still rife, influenza is still a threat, and the ghosts of the Great War are still very real indeed. And as the group navigate this tumultuous moment in time, their friendship will become more important than ever.
648 #0 - PUNTO DE ACCESO ADICIONAL DE MATERIA--TÉRMINO CRONOLÓGICO
Término cronológico World War, 1914-1918
Subdivisión de forma Fiction
Subdivisión general Influence
650 #0 - PUNTO DE ACCESO ADICIONAL DE MATERIA--TÉRMINO DE MATERIA
Término de materia o nombre geográfico como elemento de entrada Women college students
Subdivisión de forma Fiction
Subdivisión geográfica England
-- Oxford
650 #0 - PUNTO DE ACCESO ADICIONAL DE MATERIA--TÉRMINO DE MATERIA
Término de materia o nombre geográfico como elemento de entrada Grief
Subdivisión de forma Fiction
9 (RLIN) 24357
650 #0 - PUNTO DE ACCESO ADICIONAL DE MATERIA--TÉRMINO DE MATERIA
Término de materia o nombre geográfico como elemento de entrada Suffragists
9 (RLIN) 25811
650 #0 - PUNTO DE ACCESO ADICIONAL DE MATERIA--TÉRMINO DE MATERIA
Término de materia o nombre geográfico como elemento de entrada Female friendship – Fiction
9 (RLIN) 25456
651 #0 - PUNTO DE ACCESO ADICIONAL DE MATERIA--NOMBRE GEOGRÁFICO
Nombre geográfico Oxford (England)
Subdivisión de forma Fiction
942 ## - ELEMENTOS DE ENTRADA AGREGADA (KOHA)
Fuente del sistema de clasificación o colocación Clasificación de Library of Congress
Holdings
Estado de retiro Estado de pérdida Fuente del sistema de clasificación o colocación Estado dañado No para préstamo Biblioteca de origen Biblioteca actual Fecha de adquisición Total de préstamos Signatura topográfica completa Código de barras Fecha visto por última vez Número de copia Precio válido a partir de Tipo de ítem Koha
    Clasificación de Library of Congress     TBS Barcelona TBS Barcelona 28/08/2025   P-EN MIL B05642 28/08/2025 1 28/08/2025 Book

Powered by Koha